000 00686nam a2200217 i 4500
001 C2-0302378
003 PPAK
005 20180728083423.0
008 100125s1992 my |||| ||||| | eng d
040 _aPPAK
_beng
_cPPAK
_erda
082 0 4 _a499.235
_223
090 0 0 _a499.235
_bRAM
_dKIH
100 0 _aRamli haji salleh,
_eauthor
245 1 0 _aFronted constituents in malay:
_bBase structures and move alpha in a configurational non-indo-european language
264 1 _aKuala Lumpur :
_bDewan Bahasa dan Pustaka ,
_c1992
300 _axxii, 152 pages ;
_c21 cm
336 _2rdacontent
_atext
337 _2rdamedia
_aunmediated
338 _2rdacarrier
_avolume
942 _ddc
_cB
999 _c106026
_d106026